000 00311nam a2200109Ia 4500
008 171211s9999 xx 000 0 und d
245 _aFinal Fantasy Anthology: Official Strategy Guide
245 _cDavid Cassady
260 _c1999
650 _xGAMES
856 _uhttp://down.ebook777.com/056/9781566869256.pdf
999 _c348918
_d348918